000 00442nam a2200181Ia 4500
001 17201
005 20260306170407.0
008 260306t2015||||xx |||||||||||||| ||und||
041 _aESP
082 _a657.61
_bA64P
100 _aApaza Meza, Mario,
_eAUT
245 0 _aPCGE y NIIF aplicados a sectores económicos
260 _c2015
300 _a937 páginas :
_c25 cm.
650 _aGEN
654 _aCCO
942 _cLIB
_dJUS
_fJUS
_2ddc
_n
999 _c17201
_d17201